000 00597nam a2200241Ia 4500
003 OSt
005 20220916111037.0
006 a|||||r|||| 00| 0
007 ta
008 220915b |||||||| |||| 00| 0 eng d
024 _a128091
037 _cTextbook
040 _beng
_aARTS
_cARTS
041 _aeng
082 _aV691:1:N5, 122J3
100 _aRabemananjara R W
110 _a`
245 0 _aMadagrascar sous la renovation Malgache
260 _c1953
650 _aHISTORY
942 _hV691:1:N5, 122J3
_cTB
_2CC
999 _c104346
_d104346